| 000 | 00458nam a2200157Ia 4500 | ||
|---|---|---|---|
| 008 | 240729s9999 xx 000 0 und d | ||
| 022 | _a2690-506X | ||
| 245 | 0 | _aJournal of Economics Teaching | |
| 260 | _aUnited States | ||
| 260 | _bJournal of Economics Teaching | ||
| 650 | _a Economic theory. Demography | Education | ||
| 650 | _aSocial Sciences | ||
| 856 | _uhttps://doaj.org/toc/e37167c0fcd24be9aab02f914aba013a | ||
| 942 | _2ddc | ||
| 942 | _cDOAJEJ | ||
| 999 |
_c70826 _d70826 |
||
| 945 |
_a1 _bMadushi Gamage _c1 _dMadushi Gamage |
||